[Event "GER T247-E70-S email"]
[Site "GER email"]
[Date "2016.09.14"]
[Round "?"]
[White "Gierden, Horst"]
[Black "Hoffmeyer, Falk"]
[Result "1-0"]
[WhiteElo "2113"]
[BlackElo "2076"]
[PlyCount "99"]
[EventDate "2016.09.20"]
[EventType "tourn (corr)"]
[EventRounds "8"]
[EventCountry "GER"]
[SourceTitle "Corr 2022"]
[Source "ChessBase"]
[SourceDate "2021.10.24"]
[SourceVersion "1"]
[SourceVersionDate "2021.10.24"]
[SourceQuality "1"]

1. d4 Nf6 2. c4 g6 3. Nc3 Bg7 4. e4 d6 5. Nf3 0-0 6. Be2 e5 7. 0-0 Nc6 8. d5 Ne7 9. Ne1 Nd7 10. Nd3 f5 11. f3 f4 12. Bd2 g5 13. b4 Nf6 14. a4 Ng6 15. c5 h5 16. Nf2 Rf7 17. a5 Bf8 18. c6 bxc6 19. dxc6 Be6 20. b5 Rg7 21. Nd5 Nxd5 22. Bc4 Ne3 23. Bxe6+ Kh8 24. Bxe3 fxe3 25. Nd3 Nf4 26. Nxf4 gxf4 27. Qc2 Qe7 28. Qc4 d5 29. exd5 Qg5 30. Bh3 Rb8 31. Kh1 Bd6 32. Rg1 Qe7 33. Be6 Bc5 34. g4 fxg3 35. Rxg3 Rxg3 36. hxg3 Qf6 37. Rf1 Bd6 38. Kg2 Qg5 39. Kh3 Kg7 40. Re1 Qg6 41. Rg1 Kh6 42. Rf1 Qg5 43. Re1 h4 44. gxh4 Qf4 45. Qxf4+ exf4 46. Rb1 e2 47. Re1 Rxb5 48. Rxe2 Rxa5 49. Kg4 Ra1 50. Bd7 1-0